[Event "Ch FEFB Elite"]
[Site "Namur"]
[Date "2018.05.12"]
[Round "6.2"]
[White "Fontaine, Quentin"]
[Black "Godart, Francois"]
[Result "0-1"]
[BlackElo "2420"]
[WhiteElo "2303"]

1.e4 e6 2.d4 d5 3.Nc3 Bb4 4.Ne2 dxe4 5.a3 Be7 6.Nxe4 Nf6 7.Nxf6+ Bxf6 8.Be3
Nc6 9.Qd3 O-O 10.O-O-O Rb8 11.Ng3 b5 12.Ne4 b4 13.a4 Be7 14.h4 Qd5 15.Ng5 f5
16.Be2 h6 17.Bf3 Qd6 18.Nh3 b3 19.Bf4 Qd7 20.c3 Na5 21.d5 Qxa4 22.Bxc7 Ba6
23.Qxa6 Qa1+ 24.Kd2 Qxb2+ 25.Ke1 Qxc3+ 26.Ke2 Qxc7 27.d6 Bxd6 28.Qxd6 Qxd6
29.Rxd6 b2 30.Nf4 b1=Q 31.Rxb1 Rxb1 32.Nxe6 Re8 33.Ra6 Rb6 34.Rxa5 Rexe6+
35.Kd3 Red6+ 36.Kc3 a6 37.Rxf5 Rb5 38.Rf4 Rc5+ 39.Kb4 Rc2 40.Kb3 Rc1 41.Be2
Rb6+ 0-1

[Event "Ch FEFB Elite"]
[Site "Namur"]
[Date "2018.05.12"]
[Round "6.3"]
[White "Marechal, Andy"]
[Black "Dallemagne, Maximilien"]
[Result "1/2-1/2"]
[BlackElo "2074"]
[WhiteElo "2311"]

1.d4 Nf6 2.Bg5 d5 3.Bxf6 exf6 4.e3 Bd6 5.g3 Bf5 6.Nd2 c6 7.Bg2 O-O 8.Ne2 Re8
9.O-O Qc8 10.c4 dxc4 11.Nxc4 Bc7 12.Re1 Be4 13.Bxe4 Rxe4 14.Nc3 Re8 15.e4 Na6
16.Ne3 Qd7 17.Qa4 Rad8 18.Rad1 Bb6 19.d5 Nc5 20.Qc4 Qe7 21.Nf5 Qe5 22.Qe2 ( 
22.Re3 ) 22...g6 23.Nd4 cxd5 24.exd5 Qd6 25.Qf3 a6 26.Rxe8+ Rxe8 27.Kg2 ( 
27.Qg2 ) 27...f5 28.Nc2 Ne4 29.Re1 Re5 30.Nxe4 fxe4 31.Rxe4 Qxd5 32.Rxe5 Qxe5
33.b3 Qb2 34.Qxb7 Qxc2 35.Qxb6 Qxa2 36.Qd8+ Kg7 37.Qd4+ Kg8 38.Qc4 Kf8 39.h4
h5 40.Qc5+ 1/2-1/2

[Event "Ch FEFB Elite"]
[Site "Namur"]
[Date "2018.05.12"]
[Round "6.4"]
[White "Claesen, Pieter"]
[Black "Werner, Ivan"]
[Result "1-0"]
[BlackElo "2111"]
[WhiteElo "2315"]

1.c4 Nf6 2.Nc3 d5 3.cxd5 Nxd5 4.Nf3 g6 5.Qb3 Nxc3 6.Qxc3 f6 7.d4 Nc6 8.a3 Qd5
9.e3 Be6 10.Bd3 f5 11.O-O O-O-O 12.b4 Bg7 13.Bb2 Qb3 14.Rfc1 Qxc3 15.Rxc3 Bd5
16.Rac1 Rd7 17.Rc5 Rhd8 18.Kf1 Kb8 19.Be2 e6 20.h3 Bf6 21.Ne1 e5 22.dxe5 Bxe5
23.b5 Bxb2 24.bxc6 Bxc6 25.Rb1 Rd2 26.Nd3 Be4 27.Rxb2 R8xd3 28.Re5 Kc8
29.Rxd2 Rxd2 30.g4 Rd5 31.Re7 Rd7 32.Re8+ Rd8 33.Re7 Rh8 34.h4 Kd8 35.Rg7 Bc6
36.gxf5 gxf5 37.Bd3 Be4 38.Ke2 h6 39.f3 Bxd3+ 40.Kxd3 Kc8 41.Rf7 Rd8+ 42.Ke2
Rd5 43.f4 c5 44.Rf6 h5 45.Rh6 c4 46.Rxh5 c3 47.Rg5 Rd2+ 48.Ke1 Rh2 49.Rxf5 b6
50.Kd1 Rxh4 51.Kc2 Rh1 52.Kxc3 Ra1 53.Kb2 Rd1 54.e4 Rd3 55.Rf7 Re3 56.e5 a5
57.a4 Re4 58.Kb3 Rb4+ 59.Ka3 Re4 60.Kb3 Rb4+ 61.Kc3 Rxa4 62.f5 Re4 63.Re7 Kd8
64.f6 a4 65.e6 Rf4 66.Rd7+ Kc8 67.f7 b5 68.e7 b4+ 69.Kd2 1-0

[Event "Ch FEFB Elite"]
[Site "Namur"]
[Date "2018.05.12"]
[Round "6.5"]
[White "Iolis, Oleg"]
[Black "Memeti, Kastriot"]
[Result "0-1"]
[BlackElo "2173"]
[WhiteElo "2145"]

1.e4 e6 2.d4 d5 3.Nc3 Nf6 4.e5 Nfd7 5.f4 c5 6.Nf3 Nc6 7.Be3 b6 8.Qd2 Be7
9.Bb5 Bb7 10.O-O a6 11.Be2 f5 12.Nd1 cxd4 13.Nxd4 Nxd4 14.Bxd4 O-O 15.g4 g6
16.Kh1 Kh8 17.Rg1 Nc5 18.Qe3 Ne4 19.gxf5 gxf5 20.Nf2 b5 21.Rg2 Rg8 22.Rag1
Rxg2 23.Rxg2 Rc8 24.Bd3 Qf8 25.h3 Qh6 26.Kh2 Qh4 27.c3 b4 28.Bxe4 dxe4
29.cxb4 Bxb4 30.Nd1 Bf8 31.Qg3 Qxg3+ 32.Kxg3 Bd5 33.Nc3 Bc4 34.Kf2 Bd3 35.Ke3
Rd8 36.Na4 Rc8 37.Nc3 Rd8 38.Na4 Rc8 39.Nc3 Rc7 40.a3 Rg7 41.Rxg7 Kxg7 42.Na4
Bf1 43.Bc5 Bxh3 44.Bxf8+ Kxf8 45.Nc5 Ke7 46.Nxa6 h5 47.Nb4 Bf1 48.Kf2 Bc4
49.Nc2 Kd7 50.Ne3 Bb3 51.Kg3 Kc6 52.Kh4 Kc5 53.Kxh5 Kd4 54.Ng2 Kd3 55.Kh4 Kd2
56.Kg3 e3 57.Nh4 Bd5 0-1

[Event "Ch FEFB Elite"]
[Site "Namur"]
[Date "2018.05.12"]
[Round "6.6"]
[White "Timmermans, Daniel"]
[Black "Noiroux, Kevin"]
[Result "0-1"]
[BlackElo "2092"]
[WhiteElo "1919"]

1.f4 d5 2.Nf3 g6 3.g3 Bg7 4.Bg2 Nf6 5.O-O O-O 6.d3 c6 7.c3 Nbd7 8.Qe1 Re8
9.Ne5 Qc7 10.e4 dxe4 11.d4 c5 12.Be3 b6 13.h3 Bb7 14.Nd2 Rac8 15.Qf2 cxd4
16.cxd4 Qc2 17.Rab1 Bd5 18.b3 b5 19.Kh2 Qc7 20.Rbc1 Qb7 21.Qg1 Rxc1 22.Rxc1
Rc8 23.Qh1 Rxc1 24.Qxc1 Nb6 25.Qc2 Nc8 26.Nb1 Nd6 27.g4 e6 28.Qc5 Bf8 29.Qc1
Qc8 30.Qd2 Nfe8 31.g5 h5 32.Nc3 Ng7 33.Qc1 Ngf5 34.Nxd5 exd5 35.Qxc8 Nxc8
36.Bg1 Ba3 37.Nd7 Kg7 38.Bf1 a6 39.Nb8 Bc1 40.Nxa6 Bxf4+ 41.Kg2 Bxg5 42.Bxb5
e3 43.Bd7 Nh4+ 44.Kg3 Nd6 45.Nc5 Ndf5+ 46.Bxf5 Nxf5+ 47.Kg2 Nxd4 48.a4 Be7
49.b4 Nc2 50.Nd3 Nxb4 51.Nxb4 Bxb4 52.Bxe3 Ba5 53.Bd4+ f6 54.Kf3 Kf7 55.Ke3
Ke6 56.Ba7 Kd6 57.Kd4 Kc6 58.Kd3 Bb6 59.Bb8 Bc7 60.Ba7 Bb6 61.Bb8 Kc5 62.Kc3
Ba5+ 63.Kd3 Bb6 64.Kc3 d4+ 65.Kb3 Ba5 66.Kc2 Kc4 67.Bf4 d3+ 68.Kd1 Kb3 0-1

[Event "Ch FEFB Elite"]
[Site "Namur"]
[Date "2018.05.13"]
[Round "7.1"]
[White "Marechal, Andy"]
[Black "Tomov, Georgi"]
[Result "0-1"]
[BlackElo "2251"]
[WhiteElo "2311"]

1.e4 c6 2.d4 d5 3.Nc3 dxe4 4.Nxe4 Bf5 5.Ng3 Bg6 6.h4 h6 7.N1e2 e6 8.Nf4 Bh7
9.Bc4 Nf6 10.O-O Nd5 11.Bxd5 exd5 12.Qh5 Qd7 13.Re1+ Kd8 14.Bd2 Bd6 15.c4
dxc4 16.Ne4 Bxe4 17.Rxe4 Na6 18.d5 c5 19.Ba5+ Nc7 20.Rae1 Rg8 21.Rxc4 b6
22.Bc3 Nb5 23.Rce4 Nxc3 24.bxc3 Kc7 25.Nd3 Rae8 26.Qe2 Rxe4 27.Qxe4 Rd8
28.Ne5 Qe7 29.Qa4 Kb7 30.Nf3 Qd7 31.Qe4 h5 32.g3 f6 33.Kg2 Qf7 34.c4 Rd7
35.Qc2 Re7 36.Rxe7+ Qxe7 37.Qg6 a6 38.Qxh5 b5 39.Qg6 Kb6 40.Qd3 Qd7 41.Qe4 f5
42.Qc2 g6 43.Ng5 bxc4 44.Nf3 Bc7 45.Qxc4 Qb5 46.Qc3 c4 47.Qf6+ Kb7 48.h5 gxh5
49.Qxf5 c3 50.Nd4 Qc4 51.Nc2 Qxa2 52.Qe4 Bd6 53.Qd3 Qb3 54.f4 a5 55.f5 a4
56.f6 a3 57.f7 a2 58.Kh3 Qb1 59.Qf3 a1=Q 60.Nxa1 Qxa1 61.f8=Q Bxf8 62.Qf7+
Kb6 63.Qf6+ Ka5 64.Qd8+ Kb5 65.Qe8+ Kc4 66.Qc6+ Bc5 67.d6 Qf1+ 68.Kh2 Qe2+
69.Kh1 Qd1+ 70.Kh2 Qxd6 71.Qa4+ Bb4 72.Qa2+ Kd3 73.Qb1+ Kd2 74.Qa2+ c2 0-1

[Event "Ch FEFB Elite"]
[Site "Namur"]
[Date "2018.05.13"]
[Round "7.2"]
[White "Real, Thibault"]
[Black "Godart, Francois"]
[Result "1/2-1/2"]
[BlackElo "2420"]
[WhiteElo "2211"]

1.d4 d5 2.Bf4 Nf6 3.e3 e6 4.Nd2 c5 5.c3 Nc6 6.Ngf3 Bd6 7.Bg3 O-O 8.Bd3 b6
9.e4 Be7 10.e5 Nh5 11.Ng5 Bxg5 12.Qxh5 g6 13.Qe2 cxd4 14.h4 Bh6 15.h5 Bg7
16.Nf3 dxc3 17.bxc3 Qc7 18.Kf1 d4 19.Qe4 dxc3 20.hxg6 hxg6 21.Qh4 Rd8 22.Qh7+
Kf8 23.Bh4 Nxe5 24.Nxe5 Bxe5 25.Qh6+ Kg8 26.Qh7+ Kf8 27.Qh6+ Ke8 28.Bxd8 Qxd8
29.Qe3 Qf6 30.Bb5+ Kf8 31.Rd1 Bb7 32.Rd7 Bd5 33.Rh7 c2 34.Rhxf7+ Qxf7
35.Rxf7+ Kxf7 36.Ba4 Rc8 37.Bxc2 Rxc2 38.Qxe5 Rxa2 39.Qc7+ 1/2-1/2

[Event "Ch FEFB Elite"]
[Site "Namur"]
[Date "2018.05.13"]
[Round "7.3"]
[White "Memeti, Kastriot"]
[Black "Fontaine, Quentin"]
[Result "0-1"]
[BlackElo "2303"]
[WhiteElo "2173"]

1.d4 Nf6 2.Bf4 g6 3.e3 Bg7 4.Nf3 O-O 5.Be2 d6 6.O-O Nfd7 7.h3 Nc6 8.Bh2 e5
9.c3 e4 10.Nfd2 f5 11.b4 Nf6 12.b5 Ne7 13.c4 g5 14.Nc3 Ng6 15.Qc2 h5 16.a4 g4
17.hxg4 Nxg4 18.Bxg4 hxg4 19.Nd5 Rf7 20.a5 c6 21.Nf4 Nxf4 22.Bxf4 c5 23.Nb3
cxd4 24.exd4 Qh4 25.Bg3 Qh5 26.Qd2 Bh6 27.Bf4 Bxf4 28.Qxf4 Rh7 29.f3 e3 0-1

[Event "Ch FEFB Elite"]
[Site "Namur"]
[Date "2018.05.13"]
[Round "7.4"]
[White "Claesen, Pieter"]
[Black "Timmermans, Daniel"]
[Result "1-0"]
[BlackElo "1919"]
[WhiteElo "2315"]

1.d4 Nf6 2.Bg5 e6 3.e3 Be7 4.Nd2 d5 5.Bd3 O-O 6.Ngf3 Nbd7 7.O-O Re8 8.c4 c6
9.Qc2 Nf8 10.e4 Nh5 11.Bxe7 Qxe7 12.Rfe1 Qd8 13.Rad1 Bd7 14.Nb3 b6 15.Nc1 Nf4
16.Ne2 N4g6 17.Nc3 Rc8 18.Qd2 dxc4 19.Bxc4 Nh4 20.Nxh4 Qxh4 21.e5 c5 22.Ne4
Red8 23.Nd6 Rb8 24.Re4 Qe7 25.Rf4 Be8 26.Rg4 Rxd6 27.exd6 Qxd6 28.dxc5 Qc7
29.h4 h6 30.Qd6 Qb7 31.cxb6 axb6 32.Qd4 Ng6 33.h5 e5 34.Qe4 Bc6 35.Qxg6 1-0

[Event "Ch FEFB Elite"]
[Site "Namur"]
[Date "2018.05.13"]
[Round "7.5"]
[White "Dallemagne, Maximilien"]
[Black "Noiroux, Kevin"]
[Result "0-1"]
[BlackElo "2092"]
[WhiteElo "2074"]

1.d4 d5 2.Nf3 Nf6 3.e3 e6 4.Bd3 b6 5.O-O Bb7 6.b3 c5 7.Bb2 Nc6 8.a3 Bd6 9.Ne5
O-O 10.Nd2 Ne7 11.Qf3 Ng6 12.Qh3 cxd4 13.Nxg6 hxg6 14.exd4 g5 15.g3 g6 16.Qh6
Ng4 17.Qh3 Nf6 18.Qh6 Nh7 19.Rfe1 Qf6 20.Nf3 Qxf3 21.Rxe6 Qxd3 22.cxd3 fxe6
23.Qxg6+ Kh8 24.Qxe6 Rad8 25.Re1 Rf6 26.Qh3 Rdf8 27.Bc1 Kg7 28.Be3 Ba6 29.Qf1
Bc8 30.Qe2 Bd7 31.Qa2 Bg4 32.Rc1 Bf3 33.Qd2 Kg6 34.Rc6 Re8 35.b4 Rfe6 36.Qc2
R8e7 37.Qa4 Nf6 38.Qa6 Rd7 39.Qc8 Re8 40.Qa6 Rh8 41.Qa4 Rxh2 0-1

[Event "Ch FEFB Elite"]
[Site "Namur"]
[Date "2018.05.13"]
[Round "7.6"]
[White "Werner, Ivan"]
[Black "Iolis, Oleg"]
[Result "1-0"]
[BlackElo "2145"]
[WhiteElo "2111"]

1.e4 c5 2.Nf3 d6 3.Be2 Nf6 4.c3 Nc6 5.d4 cxd4 6.cxd4 Nxe4 7.d5 Qa5+ 8.Nc3
Nxc3 9.bxc3 Ne5 10.Nxe5 dxe5 11.O-O g6 12.Rb1 a6 13.Be3 e6 14.Bf3 exd5
15.Bxd5 Bc5 16.Bxf7+ Kxf7 17.Qd5+ Be6 18.Rxb7+ Kf6 19.Qf3+ Bf5 20.Qc6+ Be6
21.Bxc5 Rhe8 22.Qf3+ Bf5 23.Be3 Qa4 24.Rb4 Qxa2 25.g4 Rac8 26.gxf5 gxf5
27.Kh1 f4 28.Bxf4 exf4 29.Qxf4+ 1-0